000 00660nam a2200253Ia 4500
003 OSt
005 20220918165714.0
006 a|||||r|||| 00| 0
007 ta
008 220917b |||||||| |||| 00| 0 eng d
020 _a8170368413 (hbk)
024 _a171,415
037 _cTextual
040 _aARTS
_cARTS
_beng
041 _2eng
_aeng
082 _aX:51.2, N9
100 _aBalachandran S.
_925209
245 0 _aCustomer drivern services management
260 _aNew Delhi
_bResponse Book
_c1999
300 _a333p.
_ccm.
650 _aECONOMICS
942 _hX:51.2, N9
_cTEXL
_2CC
999 _c130789
_d130789